| 000 | 00408nam a22001697a 4500 | ||
|---|---|---|---|
| 005 | 20260509103434.0 | ||
| 008 | 160531b xxu||||| |||| 00| 0 eng d | ||
| 020 | _a81-203-2127-8 | ||
| 041 | _aeng | ||
| 082 | _a659.1 | ||
| 100 |
_aWells, Burnetl and M. _91559 |
||
| 245 | _aAdvertising Principles and Practice | ||
| 260 |
_aNew Delhi _bPHI, _c2002 |
||
| 300 | _a533 | ||
| 650 | _aManagement | ||
| 942 | _cBK | ||
| 999 |
_c2199 _d2198 |
||